Quizzes
Events
Quiz Creation
Community
Videos
Private Events
Remove Ads
Sign In
Join for FREE
Feedback
Dark Mode
Quiz Categories
Sports
Geography
Music
Movies
Television
Just For Fun
Miscellaneous
History
Literature
Language
Science
Gaming
Entertainment
Religion
Holiday
For Kids
Quiz Lab
Recent
Popular Today
Quiz Kudos Today
Editor Picks
Curator Picks
Quizzes by...
Day
Popularity
Type
Ratings
Length
Year
Community
Subscriptions
Recent Discussions
Orange Saloon
Badges
Playlists
Quests
Create
Leaderboards
Showdown
Live 5
Trivia Bingo
Activity
Puzzle Library
Sporcle Events
Private Events
Virtual Trivia
Globe League
Become a Host
Pub Owners
SporcleCon
Opinionation
Our Games
Videos
Blog
Mobile Apps
Partnerships
Remove Ads and Go Orange
Feedback
Geography
Country
Landmarks
City
State
Population
World
Capital
Continent
Flags
Europe
Africa
Asia
South America
North America
Oceania
Border
Canada
United Kingdom
Topography
United States
Geography
Country
Landmarks
City
State
Population
World
Capital
Continent
Flags
Europe
Africa
Asia
South America
North America
Oceania
Border
Canada
United Kingdom
Topography
United States
Random Quiz
Search Sporcle
×
Quiz Lab
Quiz Lab
Geography
Wisconsin
Type in answers that appear in a list
Type in answers that appear in a list
Classic
Best Score? Go Orange.
Wisconsin County Seats Stats
Can you name the Wisconsin County Seats?
By
Sinistercharlo
8m
72 Questions
1,261 Plays
1,261 Plays
1,261 Plays
Comments
Comments
Give Quiz Kudos
Give Quiz Kudos
-
- Ratings
hide this ad
More Info
Replay
Link that replays current quiz
Next Quiz
Link to next quiz in quiz playlist
You Got
0%
They Got
Avg Score
74%
Avg Friend Score
Upgrade to see
Score Distribution
Jump to the score distribution portion of the page
Score
0/72
Timer
08:00
0
Plays Today
County
Seat
% Correct
Dane
Madison
97.5%
Eau Claire
Eau Claire
97%
Kenosha
Kenosha
96.3%
Milwaukee
Milwaukee
96.3%
La Crosse
La Crosse
96.1%
Brown
Green Bay
96%
Fond du Lac
Fond du Lac
94.6%
Racine
Racine
94.3%
Ashland
Ashland
94%
Sheboygan
Sheboygan
92.5%
Manitowoc
Manitowoc
91.1%
Outagamie
Appleton
91.1%
Waukesha
Waukesha
90.7%
Douglas
Superior
88.9%
Chippewa
Chippewa Falls
88.8%
Marinette
Marinette
88.8%
Marathon
Wausau
88.7%
Winnebago
Oshkosh
88.3%
Rock
Janesville
86.8%
Door
Sturgeon Bay
85.8%
Portage
Stevens Point
84.6%
Shawano
Shawano
84.5%
Green Lake
Green Lake
84.2%
Oconto
Oconto
84.1%
Waupaca
Waupaca
83.9%
Kewaunee
Kewaunee
83.7%
Columbia
Portage
83.2%
Richland
Richland Center
82.3%
Barron
Barron
81.8%
Jefferson
Jefferson
81.1%
Adams
Friendship
80.5%
Florence
Florence
79.6%
Sauk
Baraboo
77.7%
Oneida
Rhinelander
77.5%
Green
Monroe
76.7%
Iowa
Dodgeville
75.4%
County
Seat
% Correct
Jackson
Black River Falls
75.1%
Saint Croix
Hudson
74.6%
Crawford
Prairie du Chien
74.4%
Bayfield
Washburn
73.8%
Dodge
Juneau
73.3%
Wood
Wisconsin Rapids
73%
Dunn
Menomonie
72%
Ozaukee
Port Washington
71%
Langlade
Antigo
67.1%
Monroe
Sparta
66.5%
Vernon
Viroqua
66.3%
Iron
Hurley
66%
Lincoln
Merrill
66%
Washington
West Bend
65.2%
Sawyer
Hayward
64.8%
Juneau
Mauston
64%
Grant
Lancaster
62.5%
Calumet
Chilton
62.5%
Vilas
Eagle River
61.6%
Burnett
Siren
61.2%
Buffalo
Alma
60.5%
Clark
Neillsville
60.1%
Rusk
Ladysmith
59.5%
Menominee
Keshena
59.4%
Pepin
Durand
58%
Forest
Crandon
57.9%
Waushara
Wautoma
57.7%
Marquette
Montello
55.9%
Walworth
Elkhorn
55.6%
Lafayette
Darlington
55.3%
Taylor
Medford
52.9%
Pierce
Ellsworth
51.6%
Price
Phillips
50.8%
Polk
Balsam Lake
47.1%
Trempealeau
Whitehall
46.3%
Washburn
Shell Lake
45.8%
Quiz Playlist
Details
Report
Send in Message
Add To Playlist
More Info:
Populations are 2010 census data.
Classic:
Type in answers that appear in a list
Quiz Source
Last Updated: Feb 16, 2017
Quiz Scoreboard
CHALLENGE
Sign Up to Join the Scoreboard
Show All
Scores
Hide
Comments
May contain spoilers
Recently Published
9x9 Crossword: Cartoon Network
by jackfrog10
Miscellaneous
3m
College Basketball Coaching Resumes
by pancakes188
Sports
9m
Billboard Blitz: Fleetwood Mac
by CooCooCachoo
Music
15s
More to Explore
Quiz From the Vault
Featured Blog Post
Where Did the Easter Bunny Come From?
hide this ad
You Might Also Like...
Tags
counties
County Seats
Wisconsin
Today's Top Quizzes in Geography
Browse Geography
hide this ad
Today's Top Quizzes in Wisconsin
Browse Wisconsin
Top Contributed Quizzes in Geography
1
Countries of the World - No Outlines Minefield
2
Top 25 Cities of France on a map
3
Any capital of a 'B' country per Continent
4
Any capital of a 'C' country per Continent
5
Closest Countries to UK A-Z
6
Any capital of a 'D' country per Continent
7
5-to-1: US Geography No Hints
8
Any capital of an 'E' country per Continent
9
Find the US States - No Outlines
10
Any capital of an 'F' country per Continent
Explore More
Trending Topics
Crossword
Kpop
Disney
NBA
Harry Potter
Anime
Marvel
Puzzle
Soccer
WWE
The Office
Song
Pokémon
Country
NFL
hide this ad
More By:
Sinistercharlo
Quiz
Plays
Rating
Category
Featured
Created
NBA Top 5 Player Per Team (2011-2012) (Blitz)
6,515
2.70
Sports
Jun 19, 2012
Black Metal Bands By Logo
5,547
4.56
Music
May 7, 2011
Wisconsin Cities With 10,000+ Population
1,623
4.25
Geography
Nov 29, 2009
Most Popular Power Metal Bands
1,556
4.08
Music
Dec 3, 2009
NBA Top 5 Player Per Team (2012-2013) (Blitz)
1,333
3.00
Sports
Sep 26, 2013
Go to Creator's Profile
Score Distribution
Quiz Creator Spotlight
Sinistercharlo
Follow
Send a Message
Quizzes Created
-
Created Quiz Play Count
-
More By This Creator
Popular Quizzes Today
1
Find the US States - No Outlines Minefield
2
Find the Countries of Europe - No Outlines Minefield
3
The Countries of the World
4
Find the US States
5
Risky Map Clicking: Biggest States A-Z
6
US States
7
Popular People in 1961
8
Movies - When Are They Set?
More Geography Quizzes
Find Five: Countries
Published
Trending Quizzes
Risky Map Clicking: Least Populous States A-Z
1-10 Letter G Words
Risky Map Clicking: Next State Alphabetically
Adjectives in 80s TV Shows
Risky Map Clicking: Biggest States A-Z
Recently Updated
Leaping Animals
pecheneg
Reality TV Shows (A-Z)
bhenderson79
Rickey Henderson's Hall of Fame Teammates
pecheneg
Champions League XIs: Arsenal
pecheneg
Quick Pick: Celebrities in WWE's Hall of Fame
aduchscher
A-Z Keypad Blitz II
pecheneg
Multiple Oscar Actors
pecheneg
Mystery Phrase Blitz: Oscar 'Best Actors'
pecheneg
F. Scott Fitzgerald Novels
LTH
Pick 3 Villains
ddd62291
Trending Topics
Crossword
Disney
NBA
Anime
Marvel
Kpop
Harry Potter
Country
WWE
The Office
Pokémon
Soccer
Puzzle
NFL
Song
Your Account Isn't Verified!
In order to create a playlist on Sporcle, you need to verify the email address you used during registration. Go to your
Sporcle Settings
to finish the process.
Report this User
Report this user for behavior that violates our
Community Guidelines
.
Details:
Send Report
Go to the Sporcle.com Mobile Site →
Comments